000 00475nam a2200193Ia 4500
005 20230517112713.0
008 131103s9999 xx 000 0 und d
040 _aLoreto College
041 _aEnglish
082 _a823.91
_bJAM
100 _aJames, Henry
245 _aWashington square
_cHenry James
260 _aNew york
_bThe modern lib.
_c1950
300 _a291p.
650 _aEnglish literature
651 _aEnglish Fiction
850 _aLCLIB
942 _cBK
999 _c22483
_d72962